000 00460pab a2200157 454500
008 180718b1998 xxu||||| |||| 00| 0 eng d
100 _aCrafts, Nicholas
245 _aForging ahead and falling behind: the rise and relative decline of the first industrial nation
260 _c1998
300 _ap.193-210
362 _aSpring
650 _aEconomic growth
650 _aEconomic conditions
773 _aJournal of Economic Perspectives
909 _a37707
999 _c37707
_d37707